Quizzes
Events
Quiz Creation
Community
Videos
Private Events
Remove Ads
Sign In
Join for FREE
Feedback
Dark Mode
Quiz Categories
Sports
Geography
Music
Movies
Television
Just For Fun
Miscellaneous
History
Literature
Language
Science
Gaming
Entertainment
Religion
Holiday
For Kids
Quiz Lab
Recent
Popular Today
Quiz Kudos Today
Editor Picks
Curator Picks
Quizzes by...
Day
Popularity
Type
Ratings
Length
Year
Community
Subscriptions
Recent Discussions
Orange Saloon
Badges
Playlists
Quests
Create
Leaderboards
Showdown
Live 5
Trivia Bingo
Activity
Puzzle Library
Sporcle Events
Private Events
Virtual Trivia
Globe League
Become a Host
Pub Owners
SporcleCon
Opinionation
Our Games
Videos
Blog
Mobile Apps
Partnerships
Remove Ads and Go Orange
Feedback
Music
Pop Music
The Beatles
Song
Album
Lyrics
Bands
Singers
Artist
Clip
Rock
Rap
Classical
Billboard
Country Music
Kpop
Taylor Swift
Music
Pop Music
The Beatles
Song
Album
Lyrics
Bands
Singers
Artist
Clip
Rock
Rap
Classical
Billboard
Country Music
Kpop
Taylor Swift
Random Quiz
Search Sporcle
×
Quiz Lab
Quiz Lab
Music
Song
Type in answers that appear in a list
Type in answers that appear in a list
Classic
Best Score? Go Orange.
Beatles lyrics 2 Stats
Can you name the Beatles Lyrics?
By
SporcleEXP
10m
167 Questions
431 Plays
431 Plays
431 Plays
Comments
Comments
Give Quiz Kudos
Give Quiz Kudos
-
- Ratings
hide this ad
Replay
Link that replays current quiz
Next Quiz
Link to next quiz in quiz playlist
You Got
0%
They Got
Avg Score
69%
Avg Friend Score
Upgrade to see
Score Distribution
Jump to the score distribution portion of the page
Score
0/167
Timer
10:00
0
Plays Today
% Correct
I
97.9%
I
97.9%
I
97.9%
a
97%
a
97%
a
97%
a
97%
the
94.4%
The
94.4%
the
94.4%
the
94.4%
the
94.4%
the
94.4%
The
94.4%
you
91.6%
you
91.6%
you
91.6%
you
91.6%
you
91.6%
you
91.6%
you
91.6%
love
90%
and
89.6%
and
89.6%
And
89.6%
and
89.6%
And
89.6%
to
89.1%
to
89.1%
to
89.1%
to
89.1%
to
89.1%
to
89.1%
to
89.1%
to
89.1%
to
89.1%
to
89.1%
to
89.1%
It
88.4%
he
88.4%
in
87%
me
87%
be
86.1%
We
83.8%
go
83.1%
was
78.2%
So
77.5%
So
77.5%
know
73.8%
for
73.3%
all
73.1%
You're
73.1%
all
73.1%
It's
72.4%
It's
72.4%
want
71.9%
% Correct
that
71.9%
That
71.9%
like
71%
like
71%
will
70.3%
one
69.8%
let
69.6%
let
69.6%
But
69.4%
But
69.4%
We're
68.9%
Were
68.9%
don't
68.4%
been
67.7%
out
67.5%
with
67.5%
only
67.3%
us
66.4%
band
65%
Band
65%
Band
65%
Band
65%
Band
65%
Band
65%
Lonely
64.5%
Lonely
64.5%
Lonely
64.5%
Lonely
64.5%
lonely
64.5%
Lonely
64.5%
Lonely
64.5%
today
64.3%
Pepper
64.3%
Hearts
64.3%
Hearts
64.3%
Hearts
64.3%
Hearts
64.3%
Hearts
64.3%
going
64%
going
64%
here
63.8%
years
63.6%
play
63.6%
years
63.6%
Club
63.6%
Club
63.6%
Club
63.6%
Club
63.6%
Club
63.6%
take
63.3%
take
63.3%
show
62.4%
show
62.4%
ago
62.2%
Sgt.
62.2%
Sgt
62.2%
% Correct
Sgt
62.2%
Sgt
62.2%
Sgt
62.2%
Sgt
62.2%
Sgt
62.2%
Sgt
62.2%
Pepper's
61.5%
Pepper's
61.5%
Pepper's
61.5%
Pepper's
61.5%
Pepper's
61.5%
Pepper's
61.5%
Pepper's
61.5%
twenty
60.6%
introduce
59.4%
these
59.4%
introduce
59.4%
home
59.2%
home
59.2%
really
58.9%
We'd
58.5%
We'd
58.5%
hope
57.5%
enjoy
57.1%
you've
56.8%
such
55.5%
lovely
55.5%
audience
55%
style
54.5%
taught
54.5%
sing
54.3%
sing
54.3%
wants
54.1%
back
53.6%
they're
53.4%
song
53.4%
may
53.1%
Billy
52.7%
evening
51.7%
wonderful
51.5%
thrill
51.3%
thought
51.3%
smile
51%
Sit
51%
They've
50.8%
Shears
50.8%
might
50.1%
along
50.1%
certainly
49.9%
stop
47.6%
singer's
45.2%
raise
45%
guaranteed
44.5%
known
44.5%
act
38.7%
Quiz Playlist
Details
Report
Send in Message
Add To Playlist
Classic:
Type in answers that appear in a list
Last Updated: Feb 16, 2017
Quiz Scoreboard
CHALLENGE
Sign Up to Join the Scoreboard
Show All
Scores
Hide
Comments
May contain spoilers
Recently Published
NBA Finals Game Top Scorers (2010s)
by flibbidy
Sports
5m
Guess the 'R' Things in 3 Words
by MSUKent
Miscellaneous
3m
Actor to Badly Drawn Movie III
by MoMosMoProblems
Movies
5m
More to Explore
Quiz From the Vault
Featured Blog Post
Where Does Lost Luggage Go?
hide this ad
You Might Also Like...
Tags
Bands Quiz
Lyrics Quiz
Song Quiz
The Beatles Quiz
1960s
British Invasion
Classic Rock
George Harrison
John Lennon
Paul McCartney
Ringo Starr
Today's Top Quizzes in Music
Browse Music
hide this ad
Today's Top Quizzes in Song
Browse Song
Top Contributed Quizzes in Music
1
Taylor Swift All Songs (2024)
2
Image Sorting: Rock Albums II
3
Image Sorting: Rock Albums III
4
Image Sorting: Rock Albums IV
5
Image Sorting: Rock Albums V
6
Image Sorting: Rock Albums VI
7
Taylor Swift Logic Puzzle
8
Adjectives in 80s Songs
9
Image Sorting: Album Titles
10
Nickname Match: Musicians
Explore More
Trending Topics
Marvel
NBA
Disney
Kpop
Harry Potter
Crossword
Anime
The Office
Soccer
WWE
NFL
Country
Song
Puzzle
Pokémon
hide this ad
More By:
SporcleEXP
Quiz
Plays
Rating
Category
Featured
Created
Harry Potter Deaths in Order Minefield
3,060,240
4.18
Literature
Jan 27, 2016
Sins, Dwarfs, and Spice Girls
846,619
4.42
Just For Fun
Apr 11, 2012
Ancient History Bunker
706,550
4.28
History
Jan 20, 2014
Movie Posters VI
678,014
4.37
Movies
Nov 12, 2010
Movie Posters VII
620,903
4.44
Movies
Apr 16, 2011
Go to Creator's Profile
Score Distribution
Quiz Creator Spotlight
SporcleEXP
Follow
Send a Message
Quizzes Created
-
Created Quiz Play Count
-
More By This Creator
Popular Quizzes Today
1
Find the US States - No Outlines Minefield
2
Find the US States
3
The Countries of the World
4
10 Largest US States in Order
5
Find the Countries of Europe - No Outlines Minefield
6
US States
7
Guess the 'R' Things in 3 Words
8
NBA Finals Game Top Scorers (2010s)
More Music Quizzes
'September' Lyrics
Published
Trending Quizzes
First Name TV: Leading Men
Match the Book to the Film II
First Name TV: Leading Women Drama
3-Word Movies in 1 Word II
Match the Book to the Film VI
Recently Updated
Women's Final Four Teams by Year
bhenderson79
Presidents Quartet II
eogle
Anything But Clue(do)
eogle
Anything But Oceanian Capitals
eogle
Anything But 7
eogle
Anything But Thing
eogle
Word Ladder: February 29
pecheneg
Song Title Questions
pecheneg
Women's NCAA Tournament #1 Seeds
pecheneg
Celebrity Mug Shots
pecheneg
Trending Topics
Marvel
NBA
Disney
Harry Potter
Crossword
Anime
Kpop
NFL
Puzzle
Soccer
WWE
Country
Song
The Office
Pokémon
Your Account Isn't Verified!
In order to create a playlist on Sporcle, you need to verify the email address you used during registration. Go to your
Sporcle Settings
to finish the process.
Report this User
Report this user for behavior that violates our
Community Guidelines
.
Details:
Send Report
Go to the Sporcle.com Mobile Site →
Comments